Trouve 500 prénoms - Statistiques

Statistiques générales
  • Ce quiz a été pris 1 121 fois
  • Le résultat moyen est 162 sur 500
Statistiques - réponses
Réponse % Correct
Jean
88%
Lou
86%
Julie
82%
Marie
80%
Louis
79%
Luc
79%
Paul
79%
Emma
75%
Lea
74%
Anna
73%
Leo
72%
Pierre
72%
Alexa
69%
Louise
69%
Marc
67%
Michel
67%
Thomas
67%
Antoine
66%
François
66%
Julien
66%
Laure
66%
Alexandre
65%
Anne
65%
Juliette
65%
Lucie
65%
Jeanne
64%
Théo
64%
Chloé
63%
Noé
62%
Olivier
62%
Stéphan
62%
Christian
61%
Christophe
61%
Emilie
61%
Jules
61%
Nicolas
61%
Sophie
61%
Clément
60%
Lucas
60%
Pauline
60%
Romain
60%
Romane
60%
Camille
59%
Charles
59%
Jacques
59%
Marin
59%
Zoé
59%
Hugo
58%
Matthieu
58%
Sarah
58%
Claude
57%
Eva
57%
Gabriel
57%
Léon
57%
Manon
57%
Martin
57%
Maxime
57%
Philippe
57%
Victor
57%
Alice
56%
Ben
56%
Charlotte
56%
Nathan
56%
Clara
55%
Laura
55%
Patrick
55%
Rose
55%
Stéphanie
55%
Tom
55%
Valentin
55%
André
54%
Christine
54%
David
54%
Elisa
54%
Eric
54%
Françoise
54%
Emmanuel
53%
José
53%
Justin
53%
Maria
53%
Michelle
53%
Arthur
52%
Daniel
52%
Dominique
52%
Isabelle
52%
Kevin
52%
Lisa
52%
Sylvie
52%
Caroline
51%
Guillaume
51%
Julia
51%
Nathalie
51%
Pascal
51%
Valérie
51%
Aurelie
50%
Bernard
50%
Henri
50%
Mario
50%
Sebastien
50%
Alexandra
49%
Clémence
49%
Jade
49%
Laurent
49%
Mael
49%
Mathilde
49%
Mathis
49%
Noah
49%
Raphael
49%
Vincent
49%
Alexis
48%
Amel
48%
Celine
48%
Elise
48%
Fabien
48%
Helene
48%
Simon
48%
Yves
48%
Alain
47%
Baptiste
47%
Catherine
47%
Claire
47%
Justine
47%
Karine
47%
Marine
47%
Martine
47%
Sandrine
47%
Charlie
46%
Georges
46%
John
46%
Marion
46%
Sophia
46%
Eve
45%
Jean-Pierre
45%
Lili
45%
Patricia
45%
William
45%
Adrien
44%
Amélie
44%
Benjamin
44%
Carl
44%
Damien
44%
Florence
44%
Gérard
44%
Lola
44%
Nicole
44%
Robert
44%
Ambre
43%
Annie
43%
Anthony
43%
Florian
43%
Joseph
43%
Laurence
43%
Lise
43%
Noémie
43%
Valentine
43%
Véronique
43%
Alicia
42%
Ange
42%
Axel
42%
Christiane
42%
Denis
42%
Monique
42%
Anais
41%
Audrey
41%
Didier
41%
Franck
41%
Lucien
41%
Paule
41%
René
41%
Samuel
41%
Stéphane
41%
Albert
40%
Benoît
40%
Brigitte
40%
Cecile
40%
Christelle
40%
Danielle
40%
Florent
40%
Gabrielle
40%
Marcel
40%
Mohammed
40%
Thierry
40%
Amandine
39%
Jacqueline
39%
Jérome
39%
Maurice
39%
Victoria
39%
Carole
38%
Clémentine
38%
Emile
38%
Gilles
38%
Jérémy
38%
Patrice
38%
Beatrice
37%
Bruno
37%
Corinne
37%
Elodie
37%
Maxence
37%
Mélanie
37%
Virginie
37%
Claudine
36%
Etienne
36%
Margaux
36%
Pascale
36%
Sylvain
36%
Yvette
36%
Alba
35%
Bastian
35%
Bastien
35%
Denise
35%
Fanny
35%
Joel
35%
Louane
35%
Nino
35%
Paulette
35%
Aline
34%
Arnaud
34%
Corentin
34%
Delphine
34%
Fabienne
34%
Jean-Paul
34%
Jordan
34%
Maelle
34%
Margot
34%
Morgan
34%
Nina
34%
Rémi
34%
Thibault
34%
Carla
33%
Cédric
33%
Marianne
33%
Adam
32%
Aurelien
32%
Bernadette
32%
Francis
32%
Guy
32%
Laurie
32%
Roger
32%
Anton
31%
Lilian
31%
Simone
31%
Ethan
30%
Lily
30%
Marina
30%
Therese
30%
Vanessa
30%
Alexia
29%
Andrée
29%
Augustin
29%
Chantal
29%
Charline
29%
Coralie
29%
Eloise
29%
France
29%
Gérald
29%
Henriette
29%
Jessica
29%
Josephine
29%
Lila
29%
Loic
29%
Serge
29%
Tristan
29%
Elio
28%
Emilien
28%
Gabin
28%
Jean-Claude
28%
Ludovic
28%
Marguerite
28%
Mélissa
28%
Mickael
28%
Raymond
28%
Rosa
28%
Séverine
28%
Suzanne
28%
Aurore
27%
Hervé
27%
Jean-Luc
27%
Louisa
27%
Morgane
27%
Renée
27%
Coline
26%
Evelyne
26%
Gaspard
26%
Joelle
26%
Kylian
26%
Liam
26%
Luna
26%
Maeva
26%
Raphaelle
26%
Solène
26%
Adeline
25%
Annick
25%
Armand
25%
Axelle
25%
Georgette
25%
Jeannine
25%
Madeleine
25%
Michael
25%
Ninon
25%
Oscar
25%
Robin
25%
Yvonne
25%
Antoinette
24%
Aude
24%
Colette
24%
Flora
24%
Géraldine
24%
Laurine
24%
Louna
24%
Micheline
24%
Yvan
24%
Clarisse
23%
Dylan
23%
Fleur
23%
Heloise
23%
Jean-Marc
23%
Josette
23%
Josiane
23%
Laetitia
23%
Lucienne
23%
Lucille
23%
Nadine
23%
Odette
23%
Violette
23%
Yanis
23%
Antonin
22%
Eliott
22%
Emmy
22%
Hector
22%
Louison
22%
Manuel
22%
Marcelle
22%
Mireille
22%
Ophélie
22%
Auguste
21%
Cassandra
21%
Evan
21%
Fernand
21%
Francine
21%
Huguette
21%
Jack
21%
Lara
21%
Leonard
21%
Liliane
21%
Lison
21%
Malo
21%
Marius
21%
Michèle
21%
Pierrette
21%
Salomé
21%
Théa
21%
Claudia
20%
Germain
20%
Ginette
20%
Jean-Michel
20%
Luce
20%
Romy
20%
Capucine
19%
Eléonore
19%
Gisèle
19%
Jean-Marie
19%
Jocelyn
19%
Magalie
19%
Paula
19%
Roland
19%
Samantha
19%
Solange
19%
Yohan
19%
Cassandre
18%
Cindy
18%
Geneviève
18%
Johanna
18%
Alma
17%
Apolline
17%
Germaine
17%
Jean-Louis
17%
Maximillien
17%
Augustine
16%
Eléa
16%
Erica
16%
Isaac
16%
Melina
16%
Mélodie
16%
Pascaline
16%
Raymonde
16%
Emilia
15%
Floriane
15%
Lucette
15%
Nadia
15%
Philippine
15%
Ryan
15%
Yoan
15%
Ava
14%
Benedicte
14%
Berenice
14%
Ernest
14%
Eugénie
14%
Garance
14%
Gertrude
14%
Ghislain
14%
Hortense
14%
Judith
14%
Marthe
14%
Mauricette
14%
Meline
14%
Milo
14%
Norbert
14%
Albertine
13%
Cléa
13%
Eugène
13%
Félicie
13%
Fernande
13%
Tiphaine
13%
Victorine
13%
Anouck
12%
Cléo
12%
Côme
12%
Florine
12%
Gabriella
12%
Ghislaine
12%
Lois
12%
Thais
12%
Ahmed
11%
Aurelia
11%
Doriane
11%
Gwendoline
11%
Lauriane
11%
Marjorie
11%
Mehdi
11%
Rolande
11%
Tiffany
11%
Zachary
11%
Amine
10%
Ferdinand
10%
Roberte
10%
Elizabeth
9%
Marceline
9%
Oriane
9%
Rosie
9%
Valentina
9%
Amina
8%
Amy
8%
Jane
8%
Jennyfer
8%
Kenza
8%
Pénélope
8%
Rachid
8%
Roberta
8%
Carolina
7%
Martha
7%
Maxine
7%
Paloma
7%
Samir
7%
Alberte
6%
Ambroise
6%
Gontrand
6%
Isabeau
6%
Loup
6%
Samia
6%
Aglaé
5%
Aliénor
5%
Auriane
5%
Frédérick
5%
Mallory
5%
Ophélia
5%
Adrianne
4%
Eléanore
4%
Francesca
4%
Josepha
4%
Marjolaine
4%
Pacôme
4%
Pia
4%
Rachida
4%
Rosine
4%
Samira
4%
Antonia
3%
Cunégonde
3%
Domitille
3%
Guillemette
3%
Luke
3%
Alexine
2%
Avril
2%
Clélia
2%
Florentine
2%
Marlon
2%
Philippa
2%
Solal
2%
Thalia
2%
Connor
1%
Isaure
1%
Célicia
0%
Delhia
0%
Gawain
0%
Hildegarde
0%
Maixent
0%
Neil
0%
Aucun quiz correspondant
Distribution des résultats
% des personnes avec chaque résultat
Percentile par nombre de réponses
Votre historique - résultats
Vous n’avez pas pris ce quiz